Ekonomika a řízení obchodního podniku Obchodní podnikání

Gespeichert in:
Bibliographische Detailangaben
1. Verfasser: Mařík, Miloš
Weitere Verfasser: Přibová, Marie
Format: Buch
Sprache:Tschechisch
Veröffentlicht: Praha Státní nakladatelství technické literatury 1990
Ausgabe:1. vyd.
Tags: Tag hinzufügen
Keine Tags, Fügen Sie das erste Tag hinzu!

MARC

LEADER 00000nam a2200000 4500
001 c033526
005 20220909123008.7
041 0 |a cze 
044 |a CZ 
245 1 0 |a Ekonomika a řízení obchodního podniku  |b Obchodní podnikání  |c Miloš Mařík, Marie Přibová 
250 |a 1. vyd. 
264 1 |a Praha  |b Státní nakladatelství technické literatury  |c 1990 
300 |a 107 s. 
100 1 |a Mařík, Miloš 
700 1 |a Přibová, Marie